| 000 | 00578nam a2200181Ia 4500 | ||
|---|---|---|---|
| 008 | 090124s9999 xx 000 0 und d | ||
| 082 | _b118129 | ||
| 100 | _aकालेलकर मधुसूदन | ||
| 245 | _a चांदणे शिंपीत जा | ||
| 250 | _a2 | ||
| 260 | _c1977 | ||
| 300 | _a95 | ||
| 600 | _aकालेलकर मधुसूदन | ||
| 630 | _a चांदणे शिंपीत जा | ||
| 700 | _aकालेलकर मधुसूदन | ||
| 730 | _a चांदणे शिंपीत जा | ||
| 942 | _cBOOK | ||
| 999 |
_c164216 _d164216 |
||